000 00509nam a2200169 i 4500
001 bg
245 0 _aAlgorytmy i programy dla inżynierii wodnej /
_c[red. nauk. Henryk Puchalski].
260 _aSzczecin,
_c1980.
490 1 _aPrace Naukowe Politechniki Szczecińskiej ;
_vnr 79
700 1 _aPuchalski, Henryk.
_eRed.
830 _aPrace Naukowe Politechniki Szczecińskiej ;
040 _cBPK
041 _apol
080 _a626/628:519.688
942 _cKS
008 s pl f |000 0 pol
999 _c19578
_d19578
856 _uhttp://koha.tu.koszalin.pl/cgi-bin/koha/opac-detail.pl?biblionumber=19578
_yKatalog online BPK